| 000 | 01266nam a2200325 c 4500 | ||
|---|---|---|---|
| 999 |
_c188556 _d188556 |
||
| 003 | BLK | ||
| 005 | 20230715005320.0 | ||
| 008 | 180411b bul|||||r ||||||| ||bul|| | ||
| 010 | _aKNG00197574000 | ||
| 040 | _aBLK | ||
| 041 |
_aBUL _cBUL |
||
| 080 |
_aИрански, персийски литератури _b821.22 _x-31(55) _z821.22-31(55) |
||
| 100 | 1 |
_aХамид, ал-Сир Абас Абдел _eпърви автор _9344613 |
|
| 139 |
_aХамид, ал-Сир Абас Абдел _bХ 24 |
||
| 245 | 1 | 0 |
_aТехерански кръстопътища _bРоман _cал-Сир Абас Абдел Хамид; прев. от рус. Васил Димитров Каратеодоров. |
| 257 | _aBGR | ||
| 260 |
_aСофия _bПрофиздат _c1965 |
||
| 300 |
_a208 с. _c25 см |
||
| 380 | _aX | ||
| 500 | _aПрев. е направен от рус. ръкоп. - 13 100 тир. | ||
| 651 | 4 |
_aИран _9178954 |
|
| 700 | 1 |
_aКаратеодоров, Васил Димитров _d1909-1981 _eпрев. от рус. _976954 |
|
| 852 | _aЦб 33668 | ||
| 856 | 4 | _qpdf | |
| 856 | 4 | _qpdf | |
| 942 |
_cKNG _n0 _s1 |
||
| 944 |
_aCR _c07.12.2016 _k _lCRON CRON |
||
| 944 |
_aED _c07.12.2016 _kГрета_Цуфелде |
||
| 999 | _d188556 | ||